000 00786nas a2200253 4500
001 BR9202471
003 BR-BrBNA
005 20231205092511.0
007 ta
008 230509b bl.|||p| |||| 00| 00por d
040 _aBR-BrBNA
_bpor
_cBiblioteca Nacional de Agricultura
041 _a(Pt)
072 _aL73
100 1 _aRibeiro, O.C.
100 1 _aSilva, J.A.H. de
100 1 _aAlmeida, M.F.
245 1 _aIsolamento e identificacao de bacterias de bezerros na MRH Piemonte da Diamantina, Bahia
650 _aBEZERRO
650 _aMORTALIDADE ANIMAL
650 _aBAHIA
773 0 _tRevista Brasileira de Medicina Veterinaria (Brazil)
_xISSN 0100-2430
_g(Jul-Aug 1988), v. 10(4) p. 65-66
_wBR9202471
909 _a202311
_bLúcia
_c55
_dLúcia Elande
942 _2AGRIS
_n0
_cANA
999 _c132174
_d132174